Sports Quiz

Random Sports or Soccer Quiz

UEFA Champions League Winners' Starting XI Quiz Stats

 Plays Quiz Updated Jun 4, 2019

Score 0/297 Timer 20:00
41 Plays Today
Club % Correct
Real Madrid '17Cristiano Ronaldo
96.5%
Real Madrid '18Cristiano Ronaldo
96.5%
Real Madrid '16Cristiano Ronaldo
96.3%
Real Madrid '14Cristiano Ronaldo
96%
Barcelona '15Lionel Messi
95.1%
Liverpool '19Mohamed Salah
93.5%
Barcelona '09Lionel Messi
93.1%
Manchester United '08Cristiano Ronaldo
92.8%
Real Madrid '18Sergio Ramos
92.8%
Real Madrid '17Sergio Ramos
92.2%
Real Madrid '18Isco
91.6%
Liverpool '19Sadio Mané
91.5%
Real Madrid '17Isco
91.3%
Real Madrid '18Karim Benzema
91.1%
Real Madrid '16Sergio Ramos
91%
Real Madrid '18Marcelo
90.7%
Liverpool '19Alisson Becker
90.7%
Barcelona '15Andrés Iniesta
90.6%
Real Madrid '17Karim Benzema
90.6%
Liverpool '19Virgil van Dijk
90.5%
Liverpool '19Roberto Firmino
90.4%
Real Madrid '14Iker Casillas
90.4%
Real Madrid '16Gareth Bale
90.2%
Real Madrid '17Marcelo
90%
Real Madrid '14Sergio Ramos
90%
Real Madrid '16Karim Benzema
89.6%
Real Madrid '18Keylor Navas
89.6%
Real Madrid '18Luka Modrić
89.6%
Barcelona '15Gerard Piqué
89.4%
Real Madrid '14Gareth Bale
89.2%
Barcelona '15Neymar
89.2%
Real Madrid '17Luka Modrić
89%
Barcelona '15Luis Suárez
88.7%
Real Madrid '14Karim Benzema
88.7%
Real Madrid '17Keylor Navas
88.4%
Real Madrid '16Marcelo
88.2%
Real Madrid '18Toni Kroos
88%
Barcelona '09Andrés Iniesta
87.6%
Real Madrid '17Toni Kroos
87.6%
Barcelona '11Lionel Messi
87.5%
Real Madrid '16Luka Modrić
87.3%
Barcelona '09Xavi
87.2%
Chelsea '12Didier Drogba
87.1%
Real Madrid '18Raphaël Varane
86.9%
Liverpool '19Jordan Henderson
86.7%
Chelsea '12Petr Čech
86.5%
Bayern Munich '13Manuel Neuer
86.1%
Liverpool '19Trent Alexander-Arnold
85.8%
Real Madrid '16Toni Kroos
85.5%
Real Madrid '14Luka Modrić
85.5%
Real Madrid '16Keylor Navas
85.4%
Real Madrid '17Raphaël Varane
85.2%
Liverpool '19Andrew Robertson
84.9%
Barcelona '06Víctor Valdés
84.6%
Barcelona '09Víctor Valdés
84.6%
Barcelona '09Gerard Piqué
84.5%
Ajax '95Edwin van der Sar
84.3%
Manchester United '08Edwin van der Sar
84.3%
Bayern Munich '13Arjen Robben
84.1%
Real Madrid '16Pepe
83.9%
Barcelona '15Sergio Busquets
83.6%
Barcelona '06Carles Puyol
83.3%
Barcelona '09Carles Puyol
83.3%
Barcelona '11Andrés Iniesta
82.7%
Liverpool '05Steven Gerrard
82.7%
Chelsea '12Frank Lampard
82.6%
Real Madrid '18Dani Carvajal
82.6%
Real Madrid '18Casemiro
82.5%
Manchester United '08Wayne Rooney
82.4%
Real Madrid '00Iker Casillas
82.3%
Barcelona '11Xavi
82.1%
Chelsea '12Ashley Cole
81.9%
Bayern Munich '13Philipp Lahm
81.7%
Barcelona '15Marc-André ter Stegen
81.5%
Barcelona '15Dani Alves
81.5%
Liverpool '19Joël Matip
81.5%
Real Madrid '17Dani Carvajal
81.3%
Real Madrid '17Casemiro
80.9%
Barcelona '15Jordi Alba
80.8%
Bayern Munich '13Franck Ribéry
80.7%
Barcelona '11Gerard Piqué
80.3%
Manchester United '08Paul Scholes
79.9%
Barcelona '11Victor Valdés
79.9%
Manchester United '99Ryan Giggs
79.5%
Manchester United '99Andy Cole
79.4%
Barcelona '06Samuel Eto'o
79.3%
Barcelona '09Samuel Eto'o
79.3%
Manchester United '99David Beckham
78.4%
Real Madrid '14Raphaël Varane
78.1%
Real Madrid '16Dani Carvajal
78%
Liverpool '19Georginio Wijnaldum
77.9%
Manchester United '08Rio Ferdinand
77.7%
Internazionale '10Samuel Eto'o
77.6%
Barcelona '09Sergio Busquets
77%
Real Madrid '02Zinedine Zidane
76.6%
Bayern Munich '13Thomas Müller
76.3%
AC Milan '94Paolo Maldini
75.7%
AC Milan '03Paolo Maldini
75.7%
AC Milan '07Paolo Maldini
75.7%
Club % Correct
Real Madrid '14Dani Carvajal
75.2%
Barcelona '15Ivan Rakitić
74.9%
Real Madrid '16Casemiro
74.8%
Barcelona '06Ronaldinho
74.6%
Liverpool '19Fabinho
74.3%
Barcelona '11Sergio Busquets
73.9%
Barcelona '11Dani Alves
73.5%
Manchester United '08Nemanja Vidić
73.4%
Barcelona '15Javier Mascherano
73.4%
Bayern Munich '13Jérôme Boateng
73.3%
Liverpool '05Xabi Alonso
72.1%
Real Madrid '98Raúl
71.9%
Real Madrid '00Raúl
71.9%
Real Madrid '02Raúl
71.9%
AC Milan '03Dida
71.7%
AC Milan '07Dida
71.7%
Barcelona '09Thierry Henry
70.9%
Manchester United '99Gary Neville
70.7%
Liverpool '05Jerzy Dudek
70.2%
Bayern Munich '13David Alaba
68.1%
Manchester United '08Patrice Evra
67.8%
Real Madrid '02César
67.6%
Chelsea '12Gary Cahill
67.5%
Bayern Munich '01Oliver Kahn
67.1%
Bayern Munich '13Bastian Schweinsteiger
67.1%
Ajax '95Clarence Seedorf
67%
Real Madrid '98Clarence Seedorf
67%
AC Milan '03Clarence Seedorf
67%
AC Milan '07Clarence Seedorf
67%
Barcelona '11Pedro
66.4%
AC Milan '03Filippo Inzaghi
66.1%
AC Milan '07Filippo Inzaghi
66.1%
Liverpool '05Jamie Carragher
65.9%
Manchester United '99Peter Schmeichel
65.8%
Real Madrid '98Roberto Carlos
65.7%
Real Madrid '00Roberto Carlos
65.7%
Real Madrid '02Roberto Carlos
65.7%
Porto '04Deco
65.5%
Barcelona '06Deco
65.5%
Internazionale '10Diego Milito
65.3%
Internazionale '10Júlio César
65.2%
Barcelona '11Javier Mascherano
65.2%
AC Milan '03Andrea Pirlo
63.8%
AC Milan '07Andrea Pirlo
63.8%
AC Milan '07Kaká
63.5%
AC Milan '03Alessandro Nesta
63.1%
AC Milan '07Alessandro Nesta
63.1%
Barcelona '11David Villa
63%
Manchester United '99Dwight Yorke
62.8%
Manchester United '08Michael Carrick
62.7%
Real Madrid '02Luís Figo
62.1%
Bayern Munich '13Mario Mandžukić
61.9%
Manchester United '08Carlos Tévez
60%
Chelsea '12David Luiz
59.7%
Manchester United '99Jaap Stam
59.4%
Barcelona '11Éric Abidal
59.2%
AC Milan '03Andriy Shevchenko
58.2%
AC Milan '03Gennaro Gattuso
57.6%
AC Milan '07Gennaro Gattuso
57.6%
Internazionale '10Wesley Sneijder
57.2%
Real Madrid '98Fernando Hierro
55.9%
Real Madrid '02Fernando Hierro
55.9%
Real Madrid '14Fábio Coentrão
55.7%
Real Madrid '14Ángel Di María
54.3%
Internazionale '10Javier Zanetti
54.2%
Real Madrid '98Fernando Morientes
53.9%
Real Madrid '00Fernando Morientes
53.9%
Real Madrid '02Fernando Morientes
53.9%
Porto '04Ricardo Carvalho
53.8%
Juventus '96Alessandro del Piero
53.7%
Manchester United '99Nicky Butt
53%
AC Milan '03Rui Costa
52.4%
Chelsea '12John Obi Mikel
52.2%
Bayern Munich '13Dante
51.9%
Manchester United '08Wes Brown
51.6%
Liverpool '05Milan Baros
51.5%
Liverpool '05Sami Hyypiä
51.1%
Bayern Munich '13Javi Martínez
50.7%
Real Madrid '14Sami Khedira
50.7%
Porto '04Jorge Costa
50.6%
Chelsea '12Juan Mata
50%
Internazionale '10Esteban Cambiasso
49.6%
Internazionale '10Lúcio
49.4%
Chelsea '12Ryan Bertrand
48.3%
Manchester United '99Denis Irwin
48.2%
Internazionale '10Maicon
48.1%
Ajax '95Edgar Davids
47.5%
Liverpool '05John Arne Riise
46.7%
Internazionale '10Walter Samuel
46.4%
Ajax '95Frank de Boer
46.1%
Ajax '95Ronald de Boer
46%
Chelsea '12Salomon Kalou
46%
Chelsea '12Jose Bosingwa
45.9%
Real Madrid '02Claude Makélélé
44.5%
Liverpool '05Steve Finnan
44.4%
Real Madrid '00Michel Salgado
44.3%
Real Madrid '02Michel Salgado
44.3%
Liverpool '05Luis García
44.2%
Barcelona '09Yaya Touré
43.5%
Club % Correct
Marseille '93Marcel Desailly
43%
AC Milan '94Marcel Desailly
43%
Bayern Munich '01Owen Hargreaves
42.4%
Manchester United '08Owen Hargreaves
42.4%
Marseille '93Didier Deschamps
42.1%
Juventus '96Didier Deschamps
42.1%
Porto '04Paulo Ferreira
42%
Marseille '93Fabien Barthez
41.9%
AC Milan '03Alessandro Costacurta
41.4%
Real Madrid '00Steve Mcmanaman
41%
Real Madrid '00Iván Helguera
40.4%
Real Madrid '02Iván Helguera
40.4%
Liverpool '05Harry Kewell
40.4%
Liverpool '05Djimi Traore
40.2%
AC Milan '07Massimo Ambrosini
39.8%
Barcelona '06Rafael Márquez
39.7%
Ajax '95Marc Overmars
37.2%
Manchester United '99Ronny Johnsen
36.7%
Porto '04Vítor Baía
36.1%
Barcelona '06Giovanni van Bronckhorst
36%
Internazionale '10Goran Pandev
35.8%
Barcelona '06Ludovic Giuly
35.7%
Ajax '95Frank Rijkaard
35.3%
Internazionale '10Cristian Chivu
35.3%
Real Madrid '00Nicolas Anelka
34.8%
Bayern Munich '01Stefan Effenberg
34.7%
Barcelona '06Mark van Bommel
34.5%
Manchester United '99Jesper Blomqvist
34.4%
Bayern Munich '01Giovane Élber
34.2%
Borussia Dortmund '97Stefan Klos
34.2%
Bayern Munich '01Bixente Lizarazu
34%
Borussia Dortmund '97Matthias Sammer
33.9%
Porto '04Maniche
33.3%
Ajax '95Jari Litmanen
33.1%
Juventus '96Angelo Peruzzi
31.4%
Ajax '95Danny Blind
30.9%
Real Madrid '98Fernando Redondo
30.3%
Real Madrid '00Fernando Redondo
30.3%
Borussia Dortmund '97Paul Lambert
30.2%
AC Milan '94Sebastiano Rossi
29.8%
Ajax '95Michael Reiziger
29.4%
Barcelona '09Sylvinho
29.4%
Bayern Munich '01Mehmet Scholl
29.3%
Bayern Munich '01Willy Sagnol
29%
AC Milan '03Kakhaber Kaladze
28.7%
Juventus '96Antonio Conte
28.2%
Real Madrid '98Predrag Mijatović
27.9%
Juventus '96Gianluca Vialli
27.8%
Juventus '96Fabrizio Ravanelli
27.5%
Bayern Munich '01Samuel Kuffour
27.4%
Real Madrid '98Bodo Illgner
27%
Barcelona '06Oleguer
26.6%
Real Madrid '00Iván Campo
26.1%
AC Milan '07Massimo Oddo
25.7%
AC Milan '07Marek Jankulovski
25.4%
Barcelona '06Edmílson
25.4%
Porto '04Costinha
25.4%
Real Madrid '02Santiago Solari
24.7%
AC Milan '94Demeterio Albertini
24.6%
AC Milan '94Christian Panucci
24.3%
Real Madrid '98Christian Panucci
24.3%
Marseille '93Rudi Völler
24.1%
Borussia Dortmund '97Karl-Heinz Riedle
23.9%
Borussia Dortmund '97Andreas Möller
23.8%
Marseille '93Basile Boli
23.6%
Marseille '93Abedi Pelé
23.4%
Ajax '95Finidi George
23.3%
Porto '04Carlos Alberto
22.7%
Borussia Dortmund '97Jürgen Kohler
22.7%
AC Milan '94Zvonimir Boban
22.5%
Juventus '96Ciro Ferrara
22.5%
AC Milan '94Dejan Savićević
21.8%
Juventus '96Paulo Sousa
21.5%
Borussia Dortmund '97Paulo Sousa
21.5%
AC Milan '94Roberto Donadoni
21.3%
Real Madrid '98Christian Karembeu
21.3%
Porto '04Derlei
21%
Borussia Dortmund '97Stephane Chapuisat
20.7%
Bayern Munich '01Thomas Linke
20.7%
Real Madrid '00Aitor Karanka
20.6%
AC Milan '94Daniele Massaro
20.6%
Marseille '93Alen Bokšić
20.5%
Bayern Munich '01Hasan Salihamidžić
20%
Real Madrid '98Manuel Sanchís
20%
Porto '04Nuno Valente
19.5%
Juventus '96Gianluca Pessotto
19.1%
AC Milan '94Mauro Tassotti
18.4%
Bayern Munich '01Patrik Andersson
17.8%
Porto '04Pedro Mendes
16%
Borussia Dortmund '97Stefan Reuter
15.9%
Marseille '93Jocelyn Angloma
15.8%
Juventus '96Moreno Torricelli
14.2%
Marseille '93Éric Di Meco
13.4%
Borussia Dortmund '97Jörg Heinrich
13.2%
Marseille '93Franck Sauzée
12.1%
Juventus '96Pietro Vierchowod
11.9%
AC Milan '94Filippo Galli
11.9%
Borussia Dortmund '97Martin Kree
10.9%
Marseille '93Jean-Jacques Eydelie
10%

You're not logged in!

Compare scores with friends on all Sporcle quizzes.
OR
Log In

Show Comments

Extras

Top Quizzes Today


Score Distribution

Your Account Isn't Verified!

In order to create a playlist on Sporcle, you need to verify the email address you used during registration. Go to your Sporcle Settings to finish the process.

Report this User

Report this user for behavior that violates our Community Guidelines.

Details: